000
00309nam a2200109Ia 4500
008
171211s9999 xx 000 0 und d
245
_a
Adventures in Global Selling
245
_c
Bill Wilson and Gayle Hickok
260
_c
2010
650
_x
BUSINESS
856
_u
http://down.ebook777.com/063/9781934956342.pdf
999
_c
349457
_d
349457